|
|
|
|
| LEADER |
01187nam a2200337 a 4500 |
| 001 |
000698731 |
| 003 |
CZ BrMZK |
| 005 |
20231011130835.0 |
| 007 |
ta |
| 008 |
031202s2003 xr ab g f 001 0 cze d |
| 015 |
|
|
|a cnb001284449
|
| 020 |
|
|
|a 80-86704-01-7
|q (brož.) :
|c Kč 120,00
|
| 040 |
|
|
|a ULG001
|b cze
|d BOA001
|d ABA001
|
| 043 |
|
|
|a e-gr---
|
| 072 |
|
7 |
|a 913(4)
|x Geografie Evropy, reálie, cestování
|2 Konspekt
|9 7
|
| 080 |
|
|
|a 913(495)
|2 MRF
|
| 080 |
|
|
|a (036)913
|2 MRF
|
| 100 |
1 |
|
|a Bennett, Lindsay
|7 xx0017763
|4 aut
|
| 245 |
1 |
0 |
|a Kréta :
|b [průvodce do kapsy /
|c text Lindsay Bennett ; překlad Barbora Budíková a Jan Chovanec ; fotografie Jon Davison]
|
| 250 |
|
|
|a 1. české vyd.
|
| 260 |
|
|
|a Bučovice :
|b RO-TO-M,
|c 2003
|
| 300 |
|
|
|a 144 s. :
|b barev. il., mapy ;
|c 15 cm
|
| 490 |
1 |
|
|a Berlitz
|
| 500 |
|
|
|a Podnázev z obálky
|
| 500 |
|
|
|a Obsahuje rejstřík
|
| 651 |
|
7 |
|a Kréta (Řecko : ostrov)
|7 ge134296
|2 czenas
|
| 655 |
|
7 |
|a turistické průvodce
|7 fd133738
|2 czenas
|
| 830 |
|
0 |
|a Berlitz (RO-TO-M)
|0 s
|
| 910 |
|
|
|a BOA001
|b S-1126.270
|
| 990 |
|
|
|a BK
|
| 996 |
6 |
|
|b 2610203380
|c S-1126.270
|l MZK
|r Sklad / do 24 hodin
|n 7
|p p.v.
|w 000698731
|u 000010
|a 1
|e BOA001
|j MZK50
|s P
|